[Event "Novi Sad TS Mix 227th"]
[Site "Novi Sad"]
[Date "2021.12.02"]
[Round "4"]
[White "Naumkin, Igor"]
[Black "Yermolinsky, Alex"]
[Result "1/2-1/2"]
[WhiteElo "2211"]
[BlackElo "2490"]
[PlyCount "89"]
[EventDate "2021.11.30"]
[EventType "swiss"]
[EventRounds "9"]
[EventCountry "SRB"]
[SourceTitle "EXT 2023"]
[Source "ChessBase"]
[SourceDate "2022.10.05"]
[SourceVersion "1"]
[SourceVersionDate "2022.10.05"]
[SourceQuality "1"]

1. d4 g6 2. c4 Bg7 3. e4 d6 4. Nc3 Nf6 5. Nf3 0-0 6. Be2 Na6 7. 0-0 e5 8. Be3 c6 9. Qc2 Ng4 10. Bg5 f6 11. Bd2 exd4 12. Nxd4 f5 13. Nf3 Nc5 14. Bg5 Qc7 15. h3 fxe4 16. Nxe4 Bf5 17. hxg4 Bxe4 18. Qd2 d5 19. Be3 Bxf3 20. Bxc5 Bxe2 21. Qxe2 Rfe8 22. Qd3 d4 23. Rad1 b6 24. Bb4 Qf4 25. Qf3 Qxf3 26. gxf3 Re2 27. Bd2 b5 28. cxb5 cxb5 29. Rfe1 Rxe1+ 30. Rxe1 Rc8 31. Re7 Rc2 32. Bb4 Rxb2 33. a3 a5 34. Bxa5 Bf8 35. Rd7 Bxa3 36. Rxd4 Bc5 37. Rd8+ Kf7 38. Rd7+ Ke6 39. Rxh7 b4 40. Rg7 b3 41. Bb6 Kd5 42. Bxc5 Kxc5 43. Rb7 Kc4 44. Kg2 Rc2 45. f4 1/2-1/2

[Event "Novi Sad TS Mix 227th"]
[Site "Novi Sad"]
[Date "2021.12.01"]
[Round "2"]
[White "Raahul, VS."]
[Black "Yermolinsky, Alex"]
[Result "1/2-1/2"]
[WhiteElo "2331"]
[BlackElo "2490"]
[PlyCount "112"]
[EventDate "2021.11.30"]
[EventType "swiss"]
[EventRounds "9"]
[EventCountry "SRB"]
[SourceTitle "EXT 2023"]
[Source "ChessBase"]
[SourceDate "2022.10.05"]
[SourceVersion "1"]
[SourceVersionDate "2022.10.05"]
[SourceQuality "1"]

1. c4 e5 2. g3 d6 3. Bg2 f5 4. d4 Be7 5. Nc3 Nf6 6. e3 0-0 7. Nge2 c6 8. 0-0 Na6 9. a3 Nc7 10. b4 e4 11. d5 cxd5 12. cxd5 Bd7 13. Nd4 Qe8 14. f3 exf3 15. Bxf3 Qg6 16. Nce2 Nfxd5 17. Qb3 Qf7 18. Bb2 Bf6 19. Rac1 Rae8 20. Nf4 Nxf4 21. Qxf7+ Rxf7 22. Rxc7 Ne6 23. Rxb7 Nxd4 24. Bxd4 Bxd4 25. exd4 Be6 26. Rxf7 Kxf7 27. Bc6 Re7 28. d5 Bc8 29. a4 Re2 30. b5 Ra2 31. Re1 f4 32. gxf4 Bf5 33. Re8 Rxa4 34. Ra8 Ra5 35. Kf2 Bd3 36. Rb8 Ra3 37. Rb7+ Kf6 38. Rd7 Rb3 39. Rxd6+ Kf5 40. Rd7 Bxb5 41. Rf7+ Kg6 42. Rb7 Bc4 43. Rxa7 Rd3 44. Rd7 Kf5 45. Rxg7 Kxf4 46. Rf7+ Ke5 47. Re7+ Kd6 48. Rxh7 Bxd5 49. Bxd5 Rxd5 50. Rg7 Ke6 51. h4 Kf6 52. Rg8 Rd7 53. Kf3 Rg7 54. Rh8 Rf7 55. Kg4 Kg7 56. Ra8 Rb7 1/2-1/2

[Event "Novi Sad TS Mix 225th"]
[Site "Novi Sad"]
[Date "2021.11.27"]
[Round "7"]
[White "Yermolinsky, Alex"]
[Black "Pandey, Srishti"]
[Result "0-1"]
[WhiteElo "2490"]
[BlackElo "2066"]
[PlyCount "50"]
[EventDate "2021.11.22"]
[EventType "swiss"]
[EventRounds "9"]
[EventCountry "SRB"]
[SourceTitle "CBM 205 Extra"]
[Source "ChessBase"]
[SourceDate "2022.01.31"]
[SourceVersion "1"]
[SourceVersionDate "2022.01.31"]
[SourceQuality "1"]

1. d4 d5 2. c4 c6 3. Nf3 Nf6 4. g3 Bf5 5. Nc3 e6 6. Nh4 Bg4 7. Qb3 Na6 8. h3 Bh5 9. Bg2 Be7 10. cxd5 Nxd5 11. g4 Bxh4 12. gxh5 Nb6 13. Be3 Bg5 14. Ne4 Bxe3 15. Qxe3 Qe7 16. 0-0-0 0-0-0 17. a3 Rhe8 18. Qg3 Nc4 19. h4 Rd5 20. Qd3 Nb6 21. Ng5 Rb5 22. Qxh7 Nc4 23. Rh3 Nxb2 24. Rd2 Nc4 25. Ra2 Rxg5 0-1

[Event "Novi Sad TS Mix 225th"]
[Site "Novi Sad"]
[Date "2021.11.24"]
[Round "3"]
[White "Audi, Ameya"]
[Black "Yermolinsky, Alex"]
[Result "1-0"]
[WhiteElo "2378"]
[BlackElo "2490"]
[PlyCount "139"]
[EventDate "2021.11.22"]
[EventType "swiss"]
[EventRounds "9"]
[EventCountry "SRB"]
[SourceTitle "CBM 205 Extra"]
[Source "ChessBase"]
[SourceDate "2022.01.31"]
[SourceVersion "1"]
[SourceVersionDate "2022.01.31"]
[SourceQuality "1"]

1. e4 c6 2. d4 d5 3. exd5 cxd5 4. Bd3 Nc6 5. c3 Nf6 6. Bf4 Bg4 7. Qb3 Qd7 8. Nd2 e6 9. Ngf3 Bd6 10. Bxd6 Qxd6 11. 0-0 0-0 12. Rfe1 Bxf3 13. Nxf3 Qc7 14. Qc2 Rac8 15. Qe2 Rfe8 16. g3 Nd7 17. Kg2 a6 18. a4 Na5 19. h4 Nc4 20. Rac1 Nf6 21. Ne5 Nxe5 22. dxe5 Nd7 23. Rcd1 Qa5 24. Qc2 h6 25. Bh7+ Kf8 26. Rd4 Rc4 27. Re3 Rec8 28. Rxc4 Rxc4 29. Bd3 Rc8 30. Qd1 Kg8 31. Bc2 Qc7 32. Qd3 Nf8 33. b3 Qc5 34. Bb1 Rd8 35. Re2 a5 36. h5 b6 37. f4 Rc8 38. Rc2 Rc7 39. c4 d4 40. Rd2 Rd7 41. Rd1 Qa3 42. Qc2 Qb4 43. Qd3 Qc5 44. Kf3 f6 45. Qe4 f5 46. Qe2 Qb4 47. Qd3 Qc5 48. Bc2 Qc6+ 49. Kf2 Qc5 50. Kg2 Qb4 51. g4 fxg4 52. Kg3 Qc3 53. Kxg4 Qxd3 54. Rxd3 Kf7 55. Kf3 g6 56. hxg6+ Nxg6 57. Ke4 h5 58. Bd1 h4 59. Bg4 Rd8 60. Bh3 Ke7 61. f5 exf5+ 62. Bxf5 Nf8 63. Rxd4 Ne6 64. Rxd8 Nc5+ 65. Kd5 Kxd8 66. Kc6 Nxb3 67. Kxb6 Nd2 68. c5 Nc4+ 69. Kb7 Nxe5 70. c6 1-0

[Event "Novi Sad TS Mix 224th"]
[Site "Novi Sad"]
[Date "2021.11.21"]
[Round "9"]
[White "Yermolinsky, Alex"]
[Black "Klukin, Kirill"]
[Result "1-0"]
[WhiteElo "2490"]
[BlackElo "2346"]
[PlyCount "75"]
[EventDate "2021.11.16"]
[EventType "swiss"]
[EventRounds "9"]
[EventCountry "SRB"]
[SourceTitle "CBM 205 Extra"]
[Source "ChessBase"]
[SourceDate "2022.01.31"]
[SourceVersion "1"]
[SourceVersionDate "2022.01.31"]
[SourceQuality "1"]

1. d4 d5 2. c4 e6 3. Nc3 Nf6 4. cxd5 exd5 5. Bg5 Be7 6. e3 c6 7. Qc2 Nbd7 8. Bd3 h6 9. Bf4 0-0 10. h3 Re8 11. Nf3 Nf8 12. 0-0-0 Bd6 13. Bxd6 Qxd6 14. g4 b5 15. g5 hxg5 16. Nxg5 Ne6 17. Rhg1 a6 18. Rg3 Nxg5 19. Rxg5 Re7 20. Rdg1 Ne8 21. Qe2 Re6 22. Bf5 Rh6 23. Bxc8 Rxc8 24. Qg4 Qe6 25. Rxg7+ Kf8 26. Qxe6 Rxe6 27. Rg8+ Ke7 28. Ne2 Rh6 29. Nf4 a5 30. Kd2 Rc7 31. Rc1 Kd7 32. Ke2 Nd6 33. Nd3 Rxh3 34. Nc5+ Ke7 35. Na6 Ra7 36. Rxc6 Rh2 37. Nc5 b4 38. Rg5 1-0

[Event "Novi Sad TS Mix 224th"]
[Site "Novi Sad"]
[Date "2021.11.20"]
[Round "7"]
[White "Yermolinsky, Alex"]
[Black "Maltsevskaya, Aleksandra"]
[Result "1/2-1/2"]
[WhiteElo "2490"]
[BlackElo "2411"]
[PlyCount "98"]
[EventDate "2021.11.16"]
[EventType "swiss"]
[EventRounds "9"]
[EventCountry "SRB"]
[SourceTitle "CBM 205 Extra"]
[Source "ChessBase"]
[SourceDate "2022.01.31"]
[SourceVersion "1"]
[SourceVersionDate "2022.01.31"]
[SourceQuality "1"]

1. d4 Nf6 2. c4 b6 3. Nc3 Bb7 4. Nf3 e6 5. a3 Be7 6. d5 exd5 7. cxd5 0-0 8. Bf4 Re8 9. e3 d6 10. Be2 Nh5 11. Bg3 Bf6 12. Rc1 a6 13. Nd4 Nxg3 14. hxg3 c5 15. dxc6 Nxc6 16. Nxc6 Bxc6 17. 0-0 Qd7 18. Bf3 Bxf3 19. Qxf3 Bxc3 20. Rxc3 Rac8 21. Rd3 h6 22. Rfd1 Re6 23. b4 Rc6 24. Qd5 Qc7 25. a4 Rf6 26. Rd4 Rc2 27. Rf4 Rxf4 28. gxf4 Rc1 29. Qa8+ Kh7 30. Qe4+ g6 31. Rxc1 Qxc1+ 32. Kh2 Qd1 33. Qb7 Qh5+ 34. Kg3 g5 35. Qxb6 Qh4+ 36. Kf3 Qh5+ 37. Ke4 Qg6+ 38. Kd4 gxf4 39. exf4 Qxg2 40. Qxd6 Qxf2+ 41. Ke5 Qc2 42. Kf6 Qg6+ 43. Ke7 h5 44. Qxg6+ fxg6 45. b5 axb5 46. axb5 h4 47. b6 h3 48. b7 h2 49. b8Q h1Q 1/2-1/2

[Event "Novi Sad TS Mix 224th"]
[Site "Novi Sad"]
[Date "2021.11.19"]
[Round "6"]
[White "Wachinger, Nikolas"]
[Black "Yermolinsky, Alex"]
[Result "1-0"]
[WhiteElo "2347"]
[BlackElo "2490"]
[PlyCount "73"]
[EventDate "2021.11.16"]
[EventType "swiss"]
[EventRounds "9"]
[EventCountry "SRB"]
[SourceTitle "CBM 205 Extra"]
[Source "ChessBase"]
[SourceDate "2022.01.31"]
[SourceVersion "1"]
[SourceVersionDate "2022.01.31"]
[SourceQuality "1"]

1. e4 c5 2. Nf3 d6 3. d4 cxd4 4. Nxd4 Nf6 5. Nc3 Nc6 6. Bc4 Qb6 7. Nb3 e6 8. Bf4 Ne5 9. Be2 Bd7 10. Qd2 Be7 11. 0-0-0 Rc8 12. Be3 Qc7 13. Nb5 Bxb5 14. Bxb5+ Ned7 15. Bd3 0-0 16. Kb1 Ne5 17. Qe2 a5 18. Nd4 a4 19. f4 Nxd3 20. cxd3 Qa5 21. g4 a3 22. b3 Rfe8 23. g5 Nd7 24. Qd2 Qa6 25. h4 e5 26. Nf5 exf4 27. Bxf4 Bf8 28. h5 d5 29. exd5 Rc5 30. Qg2 Rec8 31. Ne3 Rc3 32. g6 fxg6 33. hxg6 hxg6 34. Qh3 Nf6 35. Be5 Rxd3 36. Qxc8 Rxe3 37. Rh8+ 1-0

[Event "USA-ch Seniors"]
[Site "Saint Louis"]
[Date "2021.07.23"]
[Round "7"]
[White "Fishbein, Alexander"]
[Black "Yermolinsky, Alex"]
[Result "1/2-1/2"]
[WhiteElo "2417"]
[BlackElo "2478"]
[PlyCount "111"]
[EventDate "2021.07.16"]
[EventType "tourn"]
[EventRounds "9"]
[EventCountry "USA"]
[EventCategory "10"]
[SourceTitle "CBM 203 Extra"]
[Source "ChessBase"]
[SourceDate "2021.09.30"]
[SourceVersion "1"]
[SourceVersionDate "2021.09.30"]
[SourceQuality "1"]

1. e4 c5 2. Nf3 d6 3. d4 cxd4 4. Nxd4 Nf6 5. Nc3 a6 6. Be2 e5 7. Nb3 Be7 8. 0-0 0-0 9. Qd3 Be6 10. Bd2 a5 11. a4 Nc6 12. Nd5 Bxd5 13. exd5 Nb4 14. Bxb4 axb4 15. Qb5 Qd7 16. Na5 Ra7 17. Nc4 Qxb5 18. axb5 Rfa8 19. Rad1 Rc8 20. Ra1 Rca8 21. Rac1 Rb8 22. Rfd1 g6 23. c3 bxc3 24. Rxc3 Ne4 25. Re3 f5 26. f3 Nf6 27. Ra3 Rxa3 28. bxa3 Ra8 29. Rd3 Nd7 30. Rc3 Kf8 31. Kf1 Rc8 32. a4 Nb6 33. a5 Nxd5 34. Rc2 e4 35. fxe4 fxe4 36. Rd2 Nc3 37. Nxd6 Rd8 38. Nc4 Nxb5 39. Rb2 Nd4 40. Rxb7 Ra8 41. Kf2 Nc6 42. Rb5 Bd8 43. Rd5 Ke7 44. Ke3 Nxa5 45. Ne5 Bc7 46. Rd7+ Ke6 47. Rxc7 Kxe5 48. Re7+ Kd5 49. Rxe4 Nc6 50. Bf3 Kd6 51. Rh4 Ra7 52. Bxc6 Kxc6 53. Rd4 Rd7 54. Re4 Kd6 55. Kf4 Rf7+ 56. Kg3 1/2-1/2

[Event "USA-ch Seniors"]
[Site "Saint Louis"]
[Date "2021.07.19"]
[Round "4"]
[White "Yermolinsky, Alex"]
[Black "Novikov, Igor A"]
[Result "1/2-1/2"]
[WhiteElo "2478"]
[BlackElo "2554"]
[PlyCount "49"]
[EventDate "2021.07.16"]
[EventType "tourn"]
[EventRounds "9"]
[EventCountry "USA"]
[EventCategory "10"]
[SourceTitle "CBM 203 Extra"]
[Source "ChessBase"]
[SourceDate "2021.09.30"]
[SourceVersion "1"]
[SourceVersionDate "2021.09.30"]
[SourceQuality "1"]

1. e4 c5 2. Nf3 d6 3. d4 cxd4 4. Nxd4 Nf6 5. Nc3 a6 6. h3 e6 7. g4 h6 8. Bg2 g5 9. b3 Nbd7 10. Bb2 Ne5 11. Qd2 Bd7 12. 0-0-0 Qc7 13. f4 gxf4 14. Qxf4 Be7 15. Kb1 0-0-0 16. Rhf1 Be8 17. Qd2 Kb8 18. Rf2 Nfd7 19. Rff1 Bg5 20. Qe1 Be7 21. Nf5 Bf8 22. Nd4 Be7 23. Nf5 Bf8 24. Ng3 Be7 25. Nf5 1/2-1/2

[Event "Mexico City Fenamac GM 1st"]
[Site "Mexico City"]
[Date "2021.05.10"]
[Round "9"]
[White "Benitez Lozano, Javier"]
[Black "Yermolinsky, Alex"]
[Result "0-1"]
[WhiteElo "2367"]
[BlackElo "2486"]
[PlyCount "84"]
[EventDate "2021.05.05"]
[EventType "tourn"]
[EventRounds "9"]
[EventCountry "MEX"]
[EventCategory "8"]
[SourceTitle "CBM 202 Extra"]
[Source "ChessBase"]
[SourceDate "2021.07.31"]
[SourceVersion "1"]
[SourceVersionDate "2021.07.31"]
[SourceQuality "1"]

1. c4 g6 2. Nf3 Bg7 3. d4 Nf6 4. Nc3 d5 5. e3 0-0 6. Bd2 c5 7. dxc5 Na6 8. Rc1 Nxc5 9. b4 Nce4 10. cxd5 Qd6 11. Nxe4 Nxe4 12. Bc4 Rd8 13. 0-0 e6 14. dxe6 Bxe6 15. Bxe6 fxe6 16. Rc2 Bc3 17. Rxc3 Nxc3 18. Qc2 Ne2+ 19. Kh1 Qd3 20. Qc7 Nd4 21. exd4 Qxf1+ 22. Ng1 Qxf2 23. Bh6 Qf7 24. Qe5 Rd5 25. Qe3 Rad8 26. Nf3 e5 27. dxe5 Rd1+ 28. Ng1 Qf1 29. Qxa7 Qxg1+ 30. Qxg1 Rxg1+ 31. Kxg1 Kf7 32. Be3 Ra8 33. Bc5 Rxa2 34. Kf1 Ke6 35. Bd6 h5 36. h3 h4 37. Kg1 b5 38. Kf1 Rb2 39. Kg1 Re2 40. Kf1 Rxe5 41. Bxe5 Kxe5 42. Kf2 Kd4 0-1

[Event "Mexico City Fenamac GM 1st"]
[Site "Mexico City"]
[Date "2021.05.09"]
[Round "8"]
[White "Yermolinsky, Alex"]
[Black "Capo Vidal, Uriel"]
[Result "1-0"]
[WhiteElo "2486"]
[BlackElo "2334"]
[PlyCount "97"]
[EventDate "2021.05.05"]
[EventType "tourn"]
[EventRounds "9"]
[EventCountry "MEX"]
[EventCategory "8"]
[SourceTitle "CBM 202 Extra"]
[Source "ChessBase"]
[SourceDate "2021.07.31"]
[SourceVersion "1"]
[SourceVersionDate "2021.07.31"]
[SourceQuality "1"]

1. Nf3 d5 2. g3 Nf6 3. Bg2 e6 4. 0-0 Be7 5. c4 0-0 6. b3 b6 7. Bb2 Bb7 8. e3 Nbd7 9. Nc3 Ne4 10. Qe2 a5 11. Rfd1 dxc4 12. bxc4 a4 13. Rac1 a3 14. Ba1 Nxc3 15. Bxc3 Ra4 16. d3 Bf6 17. Nd4 Bxg2 18. Kxg2 Qa8+ 19. Qf3 Bxd4 20. Bxd4 e5 21. Ba1 Qxf3+ 22. Kxf3 Re8 23. d4 e4+ 24. Ke2 c5 25. Rc2 h6 26. Rb1 Rc8 27. Rb3 cxd4 28. Bxd4 Raxc4 29. Rxc4 Rxc4 30. Kd2 Ra4 31. Bxb6 Ne5 32. h3 Nd3 33. f4 f5 34. Bd4 Ra6 35. Rb8+ Kh7 36. Rb7 Rg6 37. g4 Kg8 38. gxf5 Rg2+ 39. Kc3 Nc1 40. Kc4 Nxa2 41. Ra7 Nc1 42. Rxa3 Ne2 43. Ra8+ Kh7 44. Ra7 Kg8 45. Ra2 Kh7 46. Rb2 h5 47. Be5 h4 48. Kd5 Rh2 49. Rb7 1-0

[Event "WchT Seniors 50"]
[Site "Prague"]
[Date "2020.03.09"]
[Round "4.1"]
[White "Yermolinsky, Alex"]
[Black "Plaskett, H James"]
[Result "1-0"]
[WhiteElo "2487"]
[BlackElo "2401"]
[PlyCount "99"]
[EventDate "2020.03.06"]
[EventType "team-swiss"]
[EventRounds "7"]
[EventCountry "CZE"]
[SourceTitle "CBM 195 Extra"]
[Source "ChessBase"]
[SourceDate "2020.05.31"]
[SourceVersion "1"]
[SourceVersionDate "2020.05.31"]
[SourceQuality "1"]
[WhiteTeam "United States 50"]
[BlackTeam "England 50"]
[WhiteTeamCountry "USA"]
[BlackTeamCountry "ENG"]

1. Nf3 Nf6 2. c4 e6 3. Nc3 b6 4. g3 Bb7 5. Bg2 Bb4 6. d3 0-0 7. e4 d5 8. e5 Nfd7 9. cxd5 Bxd5 10. 0-0 Bxc3 11. bxc3 c5 12. d4 Nc6 13. Ng5 Bxg2 14. Kxg2 Ndb8 15. Qf3 cxd4 16. cxd4 h6 17. Ne4 Qxd4 18. Ba3 Nxe5 19. Nf6+ gxf6 20. Qxa8 Re8 21. Rad1 Qa4 22. Bd6 Na6 23. Rd4 Qc6+ 24. Qxc6 Nxc6 25. Rg4+ Kh7 26. Rc1 Na5 27. Rc3 f5 28. Rh4 e5 29. Ra4 Re6 30. Bb4 Nxb4 31. Rxb4 Kg6 32. Rc7 Kf6 33. Rh4 Kg6 34. Ra4 e4 35. Rxa7 Nc6 36. Rb7 Ne5 37. Rb4 Re8 38. R4xb6+ Kg7 39. Rb5 f4 40. gxf4 Nd3 41. Rf5 Rf8 42. h4 Kg6 43. Rbb5 f6 44. h5+ Kf7 45. Rb6 Ke7 46. Kf1 Ra8 47. Rfxf6 Rxa2 48. Rbe6+ Kd7 49. Rxe4 Rxf2+ 50. Kg1 1-0

[Event "Kirkland PNWCC op"]
[Site "Kirkland"]
[Date "2020.01.19"]
[Round "5"]
[White "Yermolinsky, Alex"]
[Black "He, Anthony B"]
[Result "1-0"]
[WhiteElo "2490"]
[BlackElo "2329"]
[PlyCount "57"]
[EventDate "2020.01.17"]
[EventType "swiss"]
[EventRounds "7"]
[EventCountry "USA"]
[SourceTitle "CBM 194 Extra"]
[Source "ChessBase"]
[SourceDate "2020.03.31"]
[SourceVersion "1"]
[SourceVersionDate "2020.03.31"]
[SourceQuality "1"]

1. Nf3 Nf6 2. c4 c5 3. Nc3 d5 4. cxd5 Nxd5 5. d4 Nxc3 6. bxc3 g6 7. h4 Bg7 8. h5 cxd4 9. cxd4 Nc6 10. Bb2 Qa5+ 11. Qd2 Qxd2+ 12. Kxd2 Na5 13. h6 Bf6 14. e4 0-0 15. Bc3 b6 16. e5 Bh8 17. Bxa5 bxa5 18. Bc4 Bb7 19. Ke3 Rfc8 20. Rhc1 e6 21. Ng5 Rc6 22. Rab1 Rb6 23. Nxe6 fxe6 24. Rxb6 axb6 25. Bxe6+ Kf8 26. Rc7 Bxe5 27. Rxb7 Re8 28. Rf7+ Kg8 29. Re7+ 1-0

[Event "Kirkland PNWCC op"]
[Site "Kirkland"]
[Date "2020.01.17"]
[Round "1"]
[White "Yermolinsky, Alex"]
[Black "Levine, Joseph1111"]
[Result "1-0"]
[WhiteElo "2490"]
[BlackElo "2005"]
[PlyCount "99"]
[EventDate "2020.01.17"]
[EventType "swiss"]
[EventRounds "7"]
[EventCountry "USA"]
[SourceTitle "CBM 194 Extra"]
[Source "ChessBase"]
[SourceDate "2020.03.31"]
[SourceVersion "1"]
[SourceVersionDate "2020.03.31"]
[SourceQuality "1"]

1. Nf3 Nf6 2. c4 e6 3. Nc3 d5 4. d4 c6 5. Bg5 Nbd7 6. cxd5 exd5 7. e3 Bd6 8. Bd3 Nf8 9. 0-0 Ng6 10. e4 dxe4 11. Nxe4 Be7 12. Nxf6+ Bxf6 13. Re1+ Be6 14. Bxf6 Qxf6 15. d5 cxd5 16. Qa4+ Kf8 17. Qb4+ Qe7 18. Qd4 Qd6 19. Rac1 Ne7 20. Ng5 Nc6 21. Qa4 h6 22. Nxe6+ fxe6 23. Re3 Kg8 24. Qg4 e5 25. Rg3 Qe7 26. Bg6 e4 27. h4 Rf8 28. Qd1 Qe5 29. h5 Nd4 30. Qd2 Nc6 31. Rb3 Ne7 32. Rxb7 Nxg6 33. hxg6 Qg5 34. Qxg5 hxg5 35. Rcc7 Rh6 36. Rxg7+ Kh8 37. Rxa7 d4 38. Rgd7 Rxg6 39. Rxd4 Rgf6 40. Rxe4 Rxf2 41. Rb7 Rf1+ 42. Kh2 Ra1 43. a4 Ra8 44. b3 Ra2 45. Re5 g4 46. Rh5+ Kg8 47. Rg5+ Kh8 48. Rxg4 Rd8 49. Rb5 Rg8 50. Rh5# 1-0

[Event "Wch Seniors 50 29th"]
[Site "Bucharest"]
[Date "2019.11.19"]
[Round "7"]
[White "Antonio, Rogelio Jr"]
[Black "Yermolinsky, Alex"]
[Result "1/2-1/2"]
[WhiteElo "2427"]
[BlackElo "2498"]
[PlyCount "126"]
[EventDate "2019.11.12"]
[EventType "swiss"]
[EventRounds "11"]
[EventCountry "ROU"]
[SourceTitle "CBM 193 Extra"]
[Source "ChessBase"]
[SourceDate "2020.01.31"]
[SourceVersion "1"]
[SourceVersionDate "2020.01.31"]
[SourceQuality "1"]

1. e4 c5 2. Nf3 d6 3. Bb5+ Nd7 4. d4 Ngf6 5. Nc3 cxd4 6. Qxd4 e5 7. Qd3 h6 8. a4 Be7 9. Be3 0-0 10. h3 Qc7 11. Qc4 Nc5 12. Bxc5 dxc5 13. Qe2 Be6 14. Bc4 Bxc4 15. Qxc4 Rad8 16. 0-0 Rd7 17. Rad1 Rfd8 18. Rxd7 Rxd7 19. Nb5 Qb8 20. Nxa7 Qxa7 21. Nxe5 Bf8 22. Nxd7 Nxd7 23. Qb5 Ne5 24. Rd1 Qb8 25. a5 Qc8 26. c3 Nc6 27. Ra1 h5 28. Qc4 h4 29. b4 Qc7 30. b5 Nxa5 31. Qd5 b6 32. e5 c4 33. e6 Qf4 34. Re1 Qf6 35. exf7+ Qxf7 36. Qd8 Qf6 37. Qxf6 gxf6 38. Re6 Bc5 39. Rxf6 Kg7 40. Rf4 Be7 41. Kf1 Bf6 42. Ke2 Bxc3 43. Rxh4 Bf6 44. Re4 c3 45. Kd3 Nb3 46. Rc4 Nc5+ 47. Rxc5 bxc5 48. b6 Kf7 49. f4 Be7 50. b7 Bd6 51. Kxc3 Ke6 52. Kc4 Kd7 53. Kd5 Bxf4 54. Kxc5 Kc7 55. h4 Kxb7 56. Kd5 Kc7 57. Ke6 Kd8 58. Kf7 Bg3 59. h5 Bf4 60. g4 Bd2 61. Kg7 Bc3+ 62. Kg6 Ke8 63. g5 Bd2 1/2-1/2

[Event "Wch Seniors 50 29th"]
[Site "Bucharest"]
[Date "2019.11.15"]
[Round "4"]
[White "Yermolinsky, Alex"]
[Black "Cieza Vega, Arcadio"]
[Result "1/2-1/2"]
[WhiteElo "2498"]
[BlackElo "2170"]
[PlyCount "41"]
[EventDate "2019.11.12"]
[EventType "swiss"]
[EventRounds "11"]
[EventCountry "ROU"]
[SourceTitle "CBM 193 Extra"]
[Source "ChessBase"]
[SourceDate "2020.01.31"]
[SourceVersion "1"]
[SourceVersionDate "2020.01.31"]
[SourceQuality "1"]

1. d4 Nf6 2. c4 g6 3. Nc3 Bg7 4. e4 d6 5. h3 0-0 6. Bg5 c6 7. Nf3 Qa5 8. Qd2 e5 9. d5 cxd5 10. cxd5 Bd7 11. Bd3 Na6 12. a3 Rfc8 13. 0-0 Qd8 14. b4 Nc7 15. Rac1 Qf8 16. a4 Nfe8 17. Nh2 f5 18. exf5 gxf5 19. f4 e4 20. Bb1 Nf6 21. Rfd1 1/2-1/2

[Event "USA-ch Seniors 50"]
[Site "Saint Louis"]
[Date "2019.07.14"]
[Round "4"]
[White "Goldin, Alexander"]
[Black "Yermolinsky, Alex"]
[Result "1-0"]
[WhiteElo "2540"]
[BlackElo "2504"]
[PlyCount "95"]
[EventDate "2019.07.11"]
[EventType "tourn"]
[EventRounds "9"]
[EventCountry "USA"]
[EventCategory "11"]
[SourceTitle "CBM 191 Extra"]
[Source "ChessBase"]
[SourceDate "2019.09.30"]
[SourceVersion "1"]
[SourceVersionDate "2019.09.30"]
[SourceQuality "1"]

1. d4 Nf6 2. Nf3 e6 3. e3 b6 4. Bd3 Bb7 5. 0-0 Be7 6. b3 0-0 7. Bb2 c5 8. Nbd2 Nc6 9. a3 Rc8 10. Qe2 d5 11. dxc5 bxc5 12. c4 Re8 13. Rfe1 Bf8 14. Rad1 g6 15. cxd5 exd5 16. Ba6 Rb8 17. Bxb7 Rxb7 18. Qd3 Bg7 19. Rc1 Ne4 20. Bxg7 Kxg7 21. Nxe4 dxe4 22. Qc3+ Qf6 23. Qxf6+ Kxf6 24. Rxc5 exf3 25. Rxc6+ Re6 26. Rxe6+ fxe6 27. b4 fxg2 28. Rc1 a5 29. Rc4 axb4 30. axb4 Ra7 31. Kxg2 Ra2 32. Rc8 Rb2 33. Rb8 e5 34. b5 Kg5 35. Kg3 e4 36. h4+ Kh5 37. b6 Rb4 38. Rb7 h6 39. Rb8 Rb2 40. b7 Rb4 41. f3 exf3 42. e4 f2 43. Kxf2 Kxh4 44. e5 g5 45. e6 g4 46. e7 g3+ 47. Kf3 Rb3+ 48. Ke2 1-0